Riadenie hydraulickej sústavy dvoch spojitých nádob

Gespeichert in:
Bibliographische Detailangaben
1. Verfasser: Šereš, Peter (Verfasst von)
Weitere Verfasser: Žáková, Katarína (Betreuung Doktorarbeit)
Format: Manuskript Buch
Sprache:Slowakisch
Veröffentlicht: Bratislava : STU v Bratislave FEI, 2000
Schlagworte:
Tags: Tag hinzufügen
Keine Tags, Fügen Sie das erste Tag hinzu!

MARC

LEADER 00000ntm a22000003a 4500
001 stu56627
005 20211118130118.4
008 010206s2000------------------------slo-d
040 |a STU  |b slo 
041 0 |a slo 
100 1 |a Šereš, Peter  |4 aut 
245 1 |a Riadenie hydraulickej sústavy dvoch spojitých nádob 
260 |a Bratislava :  |b STU v Bratislave FEI,  |c 2000 
300 |a 110 s 
650 7 |a automatizácia  |2 stusub 
700 1 |a Žáková, Katarína  |4 ths  |u E010  |T FEI Ústav riadenia a priemyselnej informatiky  |X 4948  |U E010  |Y E010  |7 A000004948